| 000 | 00483nam a2200157Ia 4500 | ||
|---|---|---|---|
| 008 | 130318s9999 xx 000 0 und d | ||
| 020 | _a9788184048155 | ||
| 082 | _a006.782 2 MAT/C | ||
| 100 | _aMather, Tim | ||
| 245 | _aCloud security and privacy: An enterprise perspective on risks and compliance | ||
| 260 |
_bO'reilly/Shroff Publishers and Distributors _aBeijing _c2009 |
||
| 300 | _a312 | ||
| 650 | _aCLOUD COMPUTING | ||
| 700 | _aKumaraswamy, Subra | ||
| 700 | _aLatif, Shahed | ||
| 999 |
_c1567 _d1567 |
||